Normal view MARC view

Entry Personal Name

Number of records used in: 5

001 - CONTROL NUMBER

  • control field: 27322

003 - CONTROL NUMBER IDENTIFIER

  • control field: OSt

005 - DATE AND TIME OF LATEST TRANSACTION

  • control field: 20260605123629.0

008 - FIXED-LENGTH DATA ELEMENTS

  • fixed length control field: 260605|| aca||aabn | a|a d

040 ## - CATALOGING SOURCE

  • Original cataloging agency: OSt
  • Transcribing agency: OSt

100 ## - HEADING--PERSONAL NAME

  • Personal name: Alberts Bruce

670 ## - SOURCE DATA FOUND

  • Source citation: Work cat.: (OSt)23347: Alberts Bruce, Cell Biology, 2019

Powered by Koha